DISEÑO Y PLANIFICACIÓN DE CENTRO DEPORTIVO MUNICIPAL, Y DE APERTURA DE CAMINO RURAL EN LA COMUNIDAD SAN SEBASTIÁN EL REFUGIO, SAN CRISTÓBAL VERAPAZ, ALTA VERAPAZ./ (Registro nro. 2095)

Detalles MARC
000 -LEADER
campo de control de longitud fija 03362nam a22003377a 4500
001 - NÚMERO DE CONTROL
campo de control TIC 0015
003 - IDENTIFICADOR DE NÚMERO DE CONTROL
campo de control gtcocun
005 - FECHA Y HORA DE LA ÚLTIMA TRANSACCIÓN
campo de control 20250923180257.0
006 - CÓDIGOS DE INFORMACIÓN DE LONGITUD FIJA--CARACTERÍSTICAS DEL MATERIAL ADICIONAL
campo de control de longitud fija a||||gr|||| 00| 0
007 - CAMPO FIJO DE DESCRIPCIÓN FÍSICA--INFORMACIÓN GENERAL
campo de control de longitud fija ta
008 - DATOS DE LONGITUD FIJA--INFORMACIÓN GENERAL
campo de control de longitud fija 250923b2022 gt ||||| m||| 00| 0 eng d
040 ## - FUENTE DE CATALOGACIÓN
Centro catalogador/agencia de origen gtcocun
Lengua de catalogación SPA
Centro/agencia transcriptor gtcocun
Normas de descripción RDA
041 ## - CÓDIGO DE IDIOMA
Código de lengua del texto/banda sonora o título independiente SPA TIC 0015
084 ## - OTRO NÚMERO DE CLASIFICACIÓN
Número de control del registro de autoridad o número normalizado TIC 0015
100 ## - ENTRADA PRINCIPAL--NOMBRE DE PERSONA
Nombre de persona Luc Pop, Mynor Eduardo
Término indicativo de función/relación Autor
245 ## - MENCIÓN DEL TÍTULO
Título DISEÑO Y PLANIFICACIÓN DE CENTRO DEPORTIVO MUNICIPAL, Y DE APERTURA DE CAMINO RURAL EN LA COMUNIDAD SAN SEBASTIÁN EL REFUGIO, SAN CRISTÓBAL VERAPAZ, ALTA VERAPAZ./
Mención de responsabilidad, etc. Mynor Eduardo Luc Pop.
Medio Impreso
264 ## - PRODUCCIÓN, PUBLICACIÓN, DISTRIBUCIÓN, FABRICACIÓN Y COPYRIGHT
Producción, publicación, distribución, fabricación y copyright Cobán, Alta Verapaz:
Nombre del de productor, editor, distribuidor, fabricante Universidad de San Carlos de Guatemala, Centro Universitario del Norte, Ingeniería Civil
Fecha de producción, publicación, distribución, fabricación o copyright 2022
300 ## - DESCRIPCIÓN FÍSICA
Extensión 341 p.:
Otras características físicas Ilustraciones, gráficas.
Dimensiones 28 cm;
300 ## - DESCRIPCIÓN FÍSICA
Dimensiones PDF
336 ## - TIPO DE CONTENIDO
Fuente rdacontenido
Término de tipo de contenido Texto
Código de tipo de contenido txt
337 ## - TIPO DE MEDIO
Fuente rdamedio
Nombre/término del tipo de medio Computadora
Código del tipo de medio n
338 ## - TIPO DE SOPORTE
Fuente rdasoporte
Nombre/término del tipo de soporte Código en línea
Código del tipo de soporte cr
502 ## - NOTA DE TESIS
identificador de la tesis TIC 0015
502 ## - NOTA DE TESIS
Nota de tesis Tesis de grado
Tipo de título Ingeniería Civil,
Nombre de la institución que otorga el título Universidad de San Carlos de Guatemala, Centro Universitario del Norte, Ingeniería Civil,
Año de obtención del título 2022
Identificador de la tesis TIC 0015
520 14 - RESUMEN, ETC.
Sumario, etc. El proceso de Ejercicio Profesional Supervisado es una actividad para la puesta en práctica del aprendizaje obtenido en la formación académica, este proceso es lo más cercano a la<br/>experiencia profesional. Las actividades realizadas incluyen investigación de las<br/>necesidades con las que cuenta el municipio de San Cristóbal Verapaz y las propuestas proyectadas desde el ámbito de la Ingeniería Civil, para darles una solución mediante infraestructura que cumpla con las normas técnicas aplicadas a la construcción en Guatemala. Los proyectos que se desarrollan y entregan a la municipalidad tienen como<br/>objetivo ser ejecutados y por consiguiente beneficiar a la población del municipio de San Cristóbal Verapaz en la formación deportiva de jóvenes y niños y en desarrollo económico con la planificación de la apertura de un camino rural.<br/>Uno de los diseños realizados es de un centro deportivo compuesto de un polideportivo de 1 700 m2<br/>y un edificio de 2 050 m2 con un sistema estructural de marcos rígidos de concreto<br/>reforzado, con base en los requisitos y lineamientos establecidos para concreto estructural del American Concrete Institute (ACI) y Asociación Guatemalteca de Ingeniería Estructural (AGIES). Para el segundo proyecto se realizó la planificación y diseño de un<br/>camino rural, con base a las especificaciones para la construcción de caminos rurales en Guatemala.<br/><br/>Las propuestas se plantearon con base en el aprendizaje adquirido en la Carrera de<br/>Ingeniería Civil, mediante la investigación de temas relacionados a los proyectos<br/>requeridos. Los resultados finales de los proyectos se presentan a través de planos,<br/>presupuestos, cronogramas de ejecución, una memoria de cálculo y especificaciones<br/>técnicas para fundamentar lo establecido en los planos.
650 14 - PUNTO DE ACCESO ADICIONAL DE MATERIA--TÉRMINO DE MATERIA
Fuente del encabezamiento o término LEMB
Término de materia o nombre geográfico como elemento de entrada San Cristóbal Verapaz, Alta Verapaz.
Subdivisión general Ingeniería
-- Civil
-- Infraestructura
-- Proyectos
-- Polideportivo
-- Camino rural
700 ## - ENTRADA AGREGADA--NOMBRE PERSONAL
Nombre de persona Ing. Civil Byron Darío Ligorría Leal
Término indicativo de función/relación Asesor
856 ## - LOCALIZACIÓN Y ACCESO ELECTRÓNICOS
Identificador Uniforme de Recurso <a href="https://drive.google.com/file/d/12Ov7yH1ZZj9VIUZuP_iAz85slWZ_yfAZ/view">https://drive.google.com/file/d/12Ov7yH1ZZj9VIUZuP_iAz85slWZ_yfAZ/view</a>
Texto de enlace PDF
Nota pública Un ejemplar en línea.
942 ## - ELEMENTOS DE ENTRADA SECUNDARIOS (KOHA)
Fuente de la clasificación o esquema de estantería Clasificación Decimal Dewey
Tipo de ítem Koha TESIS
Parte de la signatura que identifica el ejemplar (Parte del ítem) TIC 0015
Prefijo de la signatura Clasificación
Suprimir en OPAC No
-- TIC_0015_000000000000000
Existencias
Estatus retirado Estado de pérdida Fuente de la clasificación o esquema de estantería Estado de daño No para préstamo Colección Biblioteca de origen Biblioteca actual Ubicación en estantería Fecha de adquisición Número de inventario Total de préstamos Signatura topográfica completa Código de barras Visto por última vez Precio de reemplazo Tipo de ítem Koha
    Clasificación Decimal Dewey     tesis BIBLIOTECA- CUNOR -JOSÉ LUIS GONZALES ROSALES BIBLIOTECA- CUNOR -JOSÉ LUIS GONZALES ROSALES Colección tesis 16/09/2025 TIC 0015   TIC 0015 TIC 0015 16/09/2025 16/09/2025 TESIS